000 00470nam a2200169 a 4500
001 0000-8727
003 ELIB.Books
008 110520 1990
035 _a(ELIB.Books)0000-8873
082 _aR
_bBot
100 _aBotterweck, G. Johannes
245 _aTheological Dictionary of the Old Testament. Vol-V
260 _bGrand Rapids: Wm. B. Eerdmans Publishing Co.
_c1990
650 _aReference
942 _2ddc
_cBK
998 _cbat
_e2011-05-20
999 _c8727
_d8727